The outside of my body

Bibliographic Details
Main Author: Wong, Ruth Y. L
Other Authors: Leong, Cheng Hoon
Format: Book
Published: Singapore : Person Education Asia Pte Ltd , 2001
Subjects:

MARC

LEADER 00000cam a2200000 7i4500
001 0000023147
005 20220105104033.0
008 080820
020 |a 9814085383 
090 0 0 |a JP   |b EDU ENG 
100 1 |a Wong, Ruth Y. L 
245 1 4 |a The outside of my body   |c Ruth Y. L. Wong ; illustrated by Cheng Hoon Leong 
260 |a Singapore :   |b Person Education Asia Pte Ltd ,   |c 2001 
500 |a Children age 4-6 years old (yellow) 
650 0 |a Education, preschool 
650 0 |a English fiction 
700 1 |a Leong, Cheng Hoon 
999 |a 0001027787   |b Book   |c Children Collection   |e Perbadanan Perpustakaan Awam Johor